Quizzes
Events
Quiz Creation
Community
Videos
Private Events
Remove Ads
Sign In
Join for FREE
Feedback
Dark Mode
Quiz Categories
Sports
Geography
Music
Movies
Television
Just For Fun
Miscellaneous
History
Literature
Language
Science
Gaming
Entertainment
Religion
Holiday
For Kids
Quiz Lab
Recent
Popular Today
Quiz Kudos Today
Editor Picks
Curator Picks
Quizzes by...
Day
Popularity
Type
Ratings
Length
Year
Community
Subscriptions
Recent Discussions
Orange Saloon
Badges
Playlists
Quests
Create
Leaderboards
Showdown
Live 5
Trivia Bingo
Activity
Puzzle Library
Sporcle Events
Private Events
Virtual Trivia
Globe League
Become a Host
Pub Owners
SporcleCon
Opinionation
Our Games
Videos
Blog
Mobile Apps
Partnerships
Remove Ads and Go Orange
Feedback
Gaming
Video Games
Board Games
Card Games
Pokémon
Mario
Nintendo
Minecraft
Console
Toys
Legend of Zelda
Gaming
Video Games
Board Games
Card Games
Pokémon
Mario
Nintendo
Minecraft
Console
Toys
Legend of Zelda
Random Quiz
Search Sporcle
×
Quiz Lab
Quiz Lab
Gaming
Board Games
Type in answers that appear in a list
Type in answers that appear in a list
Classic
Best Score? Go Orange.
Halo Multiplayer Maps Stats
Can you name the multiplayer maps from all the Halo Games?
By
tahoedude101
15m
148 Questions
58 Plays
58 Plays
58 Plays
Comments
Comments
Give Quiz Kudos
Give Quiz Kudos
-
- Ratings
hide this ad
Replay
Link that replays current quiz
Next Quiz
Link to next quiz in quiz playlist
You Got
0%
They Got
Avg Score
31%
Avg Friend Score
Upgrade to see
Score Distribution
Jump to the score distribution portion of the page
Score
0/148
Timer
15:00
0
Plays Today
Game
Map Name
% Correct
Halo Wars
Blood Gulch
88.5%
Halo: Combat Evolved
Blood Gulch
81%
Halo: Combat Evolved
Hang 'Em High
74.1%
Halo 2
Lockout
69%
Halo: Combat Evolved
Sidewinder
67.2%
Halo: Combat Evolved
Wizard
65.5%
Halo 2
Midship
60.3%
Halo: Combat Evolved
Battle Creek
58.6%
Halo: Combat Evolved
Rat Race
58.6%
Halo 4
Exile
58.6%
Halo: Combat Evolved
Chill Out
56.9%
Halo 2
Beaver Creek
56.9%
Halo 3
The Pit
56.9%
Halo 2
Coagulation
55.2%
Halo 3
Valhalla
55.2%
Halo 2
Warlock
53.4%
Halo 3
Epitaph
53.4%
Halo 3
Sandtrap
53.4%
Halo: Combat Evolved
Derelict
51.7%
Halo 2
Ascension
51.7%
Halo 2
Zanzibar
51.7%
Halo 3
Snowbound
51.7%
Halo 3
Foundry
51.7%
Halo 3
Standoff
51.7%
Halo 3
Cold Storage
51.7%
Halo: Combat Evolved
Damnation
50%
Halo: Combat Evolved
Longest
50%
Halo 2
Turf
50%
Halo Wars
Exile
50%
Halo: Combat Evolved
Prisoner
48.3%
Halo 2
Ivory Tower
48.3%
Halo 3
Narrows
48.3%
Halo 3
Blackout
48.3%
Halo 2
Waterworks
46.6%
Halo 2
Terminal
46.6%
Halo 3
Avalanche
46.6%
Halo 3
Orbital
46.6%
Halo 3
Heretic
46.6%
Halo 3
Construct
44.8%
Halo 3
Guardian
44.8%
Halo 3
Rat's Nest
44.8%
Halo 3
Assembly
44.8%
Halo 3
Citadel
44.8%
Halo: Reach
Countdown
44.8%
Halo: Reach
Forge World
44.8%
Halo 3
Sandbox
43.1%
Halo: Reach
Boneyard
43.1%
Halo: Reach
Spire
43.1%
Halo: Reach
Sword Base
43.1%
Halo: Combat Evolved
Death Island
41.4%
Game
Map Name
% Correct
Halo 3
Last Resort
41.4%
Halo 3
Ghost Town
41.4%
Halo: Reach
Powerhouse
41.4%
Halo: Reach
Reflection
41.4%
Halo 2
Relic
39.7%
Halo 3
High Ground
39.7%
Halo: Combat Evolved
Boarding Action
37.9%
Halo 2
Headlong
37.9%
Halo 2
Foundation
37.9%
Halo 2
Sanctuary
37.9%
Halo 2
Elongation
37.9%
Halo 2
Gemini
37.9%
Halo 3
Isolation
37.9%
Halo: Reach
Zealot
37.9%
Halo 4
Abandon
37.5%
Halo: Combat Evolved
Chiron TL-34
36.2%
Halo: Combat Evolved
Timberland
36.2%
Halo 2
Burial Mounds
36.2%
Halo 2
Tombstone
36.2%
Halo: Reach
Boardwalk
36.2%
Halo 4
Adrift
34.6%
Halo: Combat Evolved
Infinity
34.5%
Halo 3: ODST
Windward
34.5%
Halo 2
Containment
32.8%
Halo 2
Desolation
32.8%
Halo: Combat Evolved
Ice Fields
31%
Halo 2
Colossus
31%
Halo 2
Backwash
31%
Halo 4
Outcast
30.8%
Halo: Combat Evolved
Gephyrophobia
29.3%
Halo 3
Longshore
29.3%
Halo: Reach
Beachhead
29.3%
Halo: Reach
Waterfront
29.3%
Halo 4
Pitfall
28.6%
Halo 4
Vertigo
28.6%
Halo: Combat Evolved
Danger Canyon
27.6%
Halo: Reach
Corvette
27.6%
Halo: Reach
Overlook
25.9%
Halo: Reach
Anchor 9
25.9%
Halo: Reach
Courtyard
24.1%
Halo: Reach
Glacier
24.1%
Halo: Reach
Breakpoint
24.1%
Halo: Reach
Highlands
24.1%
Halo 4
Perdition
23.8%
Halo 2
Uplift
22.4%
Halo 3: ODST
Chasm Ten
22.4%
Halo: Reach
Tempest
22.4%
Halo 4
Haven
22.4%
Halo 4
Ragnarok
22.4%
Halo: Reach
Battle Canyon
21.9%
Game
Map Name
% Correct
Halo 2
District
20.7%
Halo: Reach
Outpost
20.7%
Halo 4
Longbow
20.7%
Halo: Reach
Installation 04
19.2%
Halo Wars
Chasms
19.2%
Halo Wars
Fort Deen
19.2%
Halo Wars
Tundra
19.2%
Halo Wars
Terminal Moraine
19.2%
Halo: Reach
Holdout
19%
Halo: Reach
Solitary
18.8%
Halo: Reach
Breakneck
18.8%
Halo 3: ODST
Crater
17.2%
Halo 4
Meltdown
17.2%
Halo 4
Solace
17.2%
Halo 4
Vortex
17.2%
Halo: Reach
Condemned
17.2%
Halo 3: ODST
Lost Platoon
15.5%
Halo 4
Erosion
15.5%
Halo 4
Harvest
15.5%
Halo 4
Landfall
15.5%
Halo 4
Monolith
15.5%
Halo 4
Daybreak
15.5%
Halo 4
Skyline
15.5%
Halo Wars
Frozen Valley
15.4%
Halo Wars
Repository
15.4%
Halo Wars
The Docks
15.4%
Halo Wars
Crevice
15.4%
Halo 3: ODST
Last Exit
13.8%
Halo 4
Complex
13.8%
Halo 4
Shatter
13.8%
Halo 4
Wreckage
13.8%
Halo: Reach
High Noon
12.5%
Halo: Reach
Ridgeline
12.5%
Halo 4
Ravine
12.1%
Halo Wars
Glacial Ravine
11.5%
Halo Wars
Release
11.5%
Halo Wars
Barrens
11.5%
Halo 3: ODST
Alpha Site
10.3%
Halo 3: ODST
Rally Point
10.3%
Halo 3: ODST
Security Zone
10.3%
Halo 4
Impact
8.6%
Halo Wars
Blood River
7.7%
Halo Wars
Beasley Plateau
7.7%
Halo Wars
Memorial Basin
7.7%
Halo Wars
Pirth Outskirts
7.7%
Halo Wars
Labyrinth
7.7%
Halo: Reach
Unearthed
6.9%
Halo: Reach
Penance
6.3%
Quiz Playlist
Details
Report
Send in Message
Add To Playlist
Classic:
Type in answers that appear in a list
Quiz Source
Last Updated: Feb 16, 2017
Quiz Scoreboard
CHALLENGE
Sign Up to Join the Scoreboard
Show All
Scores
Hide
Comments
May contain spoilers
Recently Published
TV Characters by Other Roles V
by ghcgh
Television
5m
Decade Duel: World Leaders
by jenniferyan
History
4m
Alphabetical 'K' Countries by Flag Minefield
by ylime102
Geography
3m
More to Explore
Quiz From the Vault
Featured Blog Post
15 Basketball Trivia Facts You Can Be March Mad About
hide this ad
You Might Also Like...
Tags
Board Games Quiz
fps
halo
map
Multiplayer
Multiplayer Maps
Today's Top Quizzes in Gaming
Browse Gaming
hide this ad
Today's Top Quizzes in Board Games
Browse Board Games
Top Contributed Quizzes in Gaming
1
Pokémon Gen IV Logic Puzzle (HARD)
2
HARD Pokemon Logic Puzzle
3
Genshin Impact Logic Puzzle
4
Honkai: Star Rail Technique Names Quiz
5
Rainbow Six Siege Operators by Picture
6
Order Genshin Impact characters by release date!
7
The Slinky Quiz
8
Magic: the Gathering Set Symbols - LCI
9
Mega Man or Metal Gear
10
Honkai Star Rail Feet v1.6
Explore More
Trending Topics
Anime
Crossword
Marvel
Kpop
Disney
Harry Potter
NBA
Song
Pokémon
NFL
Puzzle
Soccer
Country
The Office
WWE
hide this ad
More By:
tahoedude101
Quiz
Plays
Rating
Category
Featured
Created
Halo Multiplayer Maps
58
2.50
Gaming
Dec 24, 2010
Go to Creator's Profile
Score Distribution
Quiz Creator Spotlight
tahoedude101
Follow
Send a Message
Quizzes Created
-
Created Quiz Play Count
-
More By This Creator
Popular Quizzes Today
1
Countries of Asia Without Outlines Minefield
2
Find the US States - No Outlines Minefield
3
Pick 6: Fruits
4
The Countries of the World
5
Alphabetical 'K' Countries by Flag Minefield
6
Find the Countries of Europe - No Outlines Minefield
7
US States
8
Find the US States
More Gaming Quizzes
All Generation 1 Pokemon
Quiz Lab
Trending Quizzes
Pick 6: Mountains
Pick 6: Harry Potter
Pick 6: Flags
Pick 6: NFL Teams
Pick 6: Movie Franchises
Recently Updated
Adaptations: Name the Title
pecheneg
NWSL Teams
pecheneg
Women's Final Four Teams by Year
bhenderson79
Presidents Quartet II
eogle
Anything But Clue(do)
eogle
Anything But Oceanian Capitals
eogle
Anything But 7
eogle
Anything But Thing
eogle
Word Ladder: February 29
pecheneg
Song Title Questions
pecheneg
Trending Topics
NBA
Kpop
Disney
Anime
Harry Potter
Marvel
Crossword
Soccer
Puzzle
Country
NFL
Pokémon
WWE
Song
The Office
Your Account Isn't Verified!
In order to create a playlist on Sporcle, you need to verify the email address you used during registration. Go to your
Sporcle Settings
to finish the process.
Report this User
Report this user for behavior that violates our
Community Guidelines
.
Details:
Send Report
Go to the Sporcle.com Mobile Site →
Comments